[Event "San Cristobal Bolivar op 1st"]
[Site "San Cristobal"]
[Date "2012.09.29"]
[Round "8"]
[White "Llaudy Pupo, Lisandra"]
[Black "Sequeda Mendoza, Nancy Stella"]
[Result "1/2-1/2"]
[WhiteElo "2264"]
[BlackElo "2023"]
[PlyCount "94"]
[EventDate "2012.09.25"]
[EventType "swiss"]
[EventRounds "10"]
[EventCountry "VEN"]
[SourceTitle "EXT 2013"]
[Source "ChessBase"]
[SourceDate "2012.11.22"]
[SourceVersion "1"]
[SourceVersionDate "2012.11.22"]
[SourceQuality "1"]

1. e4 e5 2. Bc4 Nf6 3. d3 Be7 4. Nf3 Nc6 5. 0-0 0-0 6. Re1 d6 7. c3 Bg4 8. h3 Bh5 9. Nbd2 Na5 10. Bb5 c6 11. Ba4 b5 12. Bc2 Re8 13. Nf1 h6 14. Ng3 Bg6 15. Nh4 Bh7 16. Nhf5 Bf8 17. b4 Nb7 18. a4 a6 19. Bb3 d5 20. axb5 axb5 21. Rxa8 Qxa8 22. Bb2 Qc8 23. Qf3 Qd8 24. Rd1 Nd6 25. Nxd6 Qxd6 26. Qe3 Qc7 27. Ra1 Re7 28. Bc2 Rd7 29. Ra8 Qb7 30. Ra5 Bd6 31. Ra2 Bb8 32. Qf3 dxe4 33. Nxe4 Nxe4 34. dxe4 c5 35. Qe2 c4 36. Bc1 Ba7 37. Be3 Bxe3 38. Qxe3 Bg6 39. f3 f6 40. Kf2 Be8 41. Ke2 Re7 42. g4 Bf7 43. Ra5 Be8 44. Ra1 Bf7 45. Ra5 Be8 46. Ra1 Bf7 47. Ra5 Re8 1/2-1/2